saints canonisés au XXI ième siècle - Statistiques

Statistiques générales
  • Ce quiz a été pris 10 fois
  • Le résultat moyen est 2 sur 26
Statistiques - réponses
Jean Paul II % Correct
Jean-Paul II
67%
Charles de Foucauld
33%
Jean XXIII
33%
Paul VI
33%
Teresa de Calcutta
22%
Faustine Kowalska
11%
Hildegarde de Bingen
11%
André Bessette
0%
Artémide Zatti
0%
Damien de Molokai
0%
Francisco Marto
0%
Genoveva Torres Morales
0%
Giovanni Battista Scalabrini
0%
Jacinta Marto
0%
Jeanne Jugan
0%
José María Escrivá de Balaguer
0%
Juan Diego Cuauhtlatoatzin
0%
Justin Maria Russolillo
0%
Kateri Tekakwitha
0%
Marcello Spinola y Maestre
0%
Marianne Cope
0%
Marie Rivier
0%
Nikola Tavelić
0%
Oscar Romero
0%
Pio de Pietrelcina
0%
Titus Brandsma
0%
Aucun quiz correspondant
Distribution des résultats
% des personnes avec chaque résultat
Percentile par nombre de réponses
Votre historique - résultats
Vous n’avez pas pris ce quiz